Una signora perduta /

সংরক্ষণ করুন:
গ্রন্থ-পঞ্জীর বিবরন
প্রধান লেখক: Cather, Willa (লেখক)
বিন্যাস: গ্রন্থ
ভাষা:ইতালিয়
প্রকাশিত: Milano : Adelphi, [1990]
মালা:Biblioteca Adelphi ; 223
ট্যাগগুলো: ট্যাগ যুক্ত করুন
কোনো ট্যাগ নেই, প্রথমজন হিসাবে ট্যাগ করুন!

MARC

LEADER 00000nam a22000007i 4500
001 IT\ICCU\CFI\0197336
003 ItRI
005 20260115231914.0
008 920510s1990 it |||||| ||||| |||||c
020 |a 8845907856 
020 |a 9788845907852 
040 |b ita  |c importazione bologna sebina 
041 7 |a ita  |2 ISO-639-2 
082 |a 813.52  |9 NARRATIVA AMERICANA IN LINGUA INGLESE. 1900-1945  |2 12 
100 1 |a Cather, Willa  |0 IT\ICCU\CFIV\009365  |4 aut 
240 1 2 |a A lost lady  |3 IT\ICCU\CFI\0197337  |9 Cather, Willa 
245 1 4 |a Una signora perduta /  |c Willa Cather. 
260 |a Milano :  |b Adelphi,  |c [1990] 
300 |a 140 p. ;  |c 23 cm 
500 |a Trad. di Eva Kampmann. 
830 0 |a Biblioteca Adelphi ;  |v 223  |0 IT\ICCU\CFI\0014578 
942 |2 ddc  |c BK  |n 0 
952 |0 0  |1 0  |4 0  |6 DOC_813_520000000000000_CAT  |7 0  |9 16034  |a BO  |b BO  |d 2026-01-15  |i 6058  |l 0  |o DOC 813.52 CAT  |p BO6058  |r 2026-01-15 23:19:14  |w 2026-01-15  |x [Sebina 5] [1 v.]  |y BK  |z 1 v. 
999 |c 13784  |d 13784